00694nam a2200181 a 4500001001000000005001700010008004100027050002400068100003600092245020700128260002500335300004200360500000900402650003000411650002400441700002700465700002000492BRCA_279220190320203954.0081208s1960----enka---###---#000-0#eng-# 4aND653.R4b.R46 19601 aRembrandt, Harmenszoon van Rijn10aPaintings, Drawings and Etchingsbwith an Introduction by Henri Focillon ; the three Earley Biographies ; Catalogue and Notescby Rembrandt, Harmenszoon van Rijn, Ludwing Goldscheirder & Henri Focillon. aLondonbPaidonc1960 a207 p.bil. (algunas a color)c32 cm. aAA1214aAguafuertistas holandeses14aPintores holandeses1 aGoldscheirder, Ludwing1 aFocillon, Henri